000 01096nam a22002657a 4500
005 20240530110450.0
008 150506s2011 ua g 000 0 ara d
017 _a2010/14111
_bمصر . دار الكتب المصرية
020 _a9789774280146
040 _aEG-CaGPL
082 0 4 _221
_a327.17\
_bو د
100 0 _aولا على محمد
245 1 0 _aدور المفاوضات فى ادارة الازمات الدولية :
_bدراسة نظرية مع التطبيق على ازمة الملف النووى الايرانى /
_cولا على محمد
250 _aط1
260 _aالقاهرة :
_bمصر العربية للنشر و التوزيع ،
_c2011 .
300 _a335 ص ؛
_c24 سم .
650 0 4 _aالمفاوضات
650 0 4 _aالمنازعات الدولية
650 0 4 _aالازمات
_xادارة
650 0 4 _aالملف النووى الايرانى
650 0 4 _aالتسوية السلمية للمنازعات
650 0 4 _aالمنازعات الدولية
_zايران
942 _2ddc
_cBK
999 _c61238
_d61238